00000000nam##2200000za#4500
0019.572666
003CaOODSP
00520210624183328
007cr |||||||||||
008150406|2007||||xxc|||||o    f|0| 0 eng|d
022 |a1701-1280
040 |aCaOODSP|beng
043 |an-cn---
0861 |aFs70-4/2006-045E-PDF
1101 |aCanada. |bDepartment of Fisheries and Oceans.
24510|aProceedings of the Newfoundland and Labrador Regional Advisory Process for east and southeast Newfoundland Atlantic herring : |h[electronic resource]|bNovember 1-2, 2006, 80 East White Hills Road, Northwest, Atlantic Fisheries Centre, St. John's, NL / |cmeeting chairperson Fran Mowbray ; editors G.H. Winters and N. Wells.
2463 |aCompte rendu du Processus consultatif régional de Terre-Neuve et Labrador sur le hareng de l’est et du sud-est de Terre-Neuve
260 |aSt. John's - Newfoundland and Labrador : |bFisheries and Oceans Canada |cMarch 2007.
300 |a20p.|breferences, table
4901 |aCanadian Science Advisory Secretariat proceedings series|x1701-1280|v2006/045
546 |aChiefly English, with bilingual summary.
590 |a11-31-Supp|b2011-12-13
7201 |aMowbray, Fran
7201 |aWinters, G. H.
7201 |aWells, N.
830#0|aProceedings series (Canadian Science Advisory Secretariat)|x1701-1280|v2006/045|w(CaOODSP)9.506483
85640|ahttp://publications.gc.ca|qPDF|s88 KB|uhttps://publications.gc.ca/collections/collection_2011/mpo-dfo/Fs70-4-2006-045-eng.pdf|y2006/045